000 00282nam a2200121Ia 4500
008 240624s9999 xx 000 0 und d
041 _aeng
082 _a650.13 DIL
100 _aDILLON KAREN
245 _aHBR GUIDE TO OFFICE POLITICS
260 _c2015
_aBoston
_bHBR
365 _cRS
999 _c26782
_d26782